Les adversaires de Lille LOSC en coupe d’europe au XXIè - Statistiques

Statistiques générales
  • Ce quiz a été pris 106 fois
  • Le résultat moyen est 26 sur 70
Statistiques - réponses
Hint Réponse % Correct
2021/2022 Huitième de finale Chelsea
96%
2019/2020 Phase de poule Chelsea
96%
2023/2024 Quart de finale Aston Villa
88%
2002/2003 Demi-finale Aston Villa
88%
2004/2005 Huitième de finale Auxerre
81%
2021/2022 Phase de poule Seville
77%
2005/2006 Huitième de finale Seville
77%
2004/2005 Phase de poule Seville
77%
2020/2021 Phase de poule AC Milan
76%
2006/2007 Phase de poule AC Milan
76%
2006/2007 Huitième de finale Manchester United
73%
2005/2006 Phase de poule Manchester United
73%
2001/2002 Phase de poule (1er tour) Manchester United
73%
2019/2020 Phase de poule Valence
71%
2012/2013 Phase de groupe Valence
71%
2009/2010 Phase de poule Valence
71%
2020/2021 Seizième de finale Ajax
69%
2019/2020 Phase de poule Ajax
69%
2012/2013 Phase de groupe Bayern Munich
67%
2021/2022 Phase de poule Wolfsbourg
64%
2014/2015 Phase de poule Wolfsbourg
64%
2023/2024 Huitième de finale Sturm Graz
63%
2009/2010 Huitième de finale Liverpool
57%
2021/2022 Phase de poule Salzbourg
49%
2001/2002 Huitième de finale Dortmund
45%
2011/2012 Phase de poule Inter
44%
2020/2021 Phase de poule Sparta Prague
43%
2014/2015 Qualification Porto
41%
2023/2024 Phase de poule Slovan Bratislava
41%
2005/2006 Phase de poule Benfica
40%
2023/2024 Qualification Rijeka
39%
2023/2024 Phase de poule Klaksvik
35%
2020/2021 Phase de poule Celtic
33%
2012/2013 Qualification Copenhague
33%
2010/2011 Seizième de finale PSV
32%
2006/2007 Phase de poule Anderlecht
27%
2014/2015 Phase de poule Everton
25%
2023/2024 Phase de poule Olimpija Ljubljana
25%
2009/2010 Seizième de finale Fenerbahce
24%
2001/2002 Qualification Parme
23%
2001/2002 Seizième de finale Fiorentina
21%
2009/2010 Qualification Genk
21%
2001/2002 Phase de poule (1er tour) Olympiakos
21%
2012/2013 Phase de groupe BATE Borisov
20%
2011/2012 Phase de poule CSKA Moscou
20%
2009/2010 Phase de poule Slavia Prague
20%
2005/2006 Phase de poule Villareal
20%
2004/2005 Phase de poule Zénith
20%
2006/2007 Phase de poule AEK Athenes
17%
2004/2005 Phase de poule AEK Athènes
17%
2001/2002 Phase de poule (1er tour) Deportivo La Corogne
16%
2014/2015 Phase de poule Krasnodar
15%
2011/2012 Phase de poule Trabzonspor
15%
2010/2011 Phase de poule La Gantoise
13%
2004/2005 Seizième de finale Bâle
12%
2002/2003 Finale Stuttgart
8%
2004/2005 Finale Leiria
7%
2005/2006 Seizième de finale Shakhtar
7%
2009/2010 Phase de poule Genoa
5%
2010/2011 Phase de poule Sporting Lisbonne
5%
2004/2005 Phase de poule Aachen
4%
2004/2005 Quart de finale Dinamo Minsk
4%
2002/2003 Quart de finale Gloria Bistrita
4%
2004/2005 Qualification Shelbourne
4%
2004/2005 Demi-finale Slaven Belupo
3%
2014/2015 Qualification Grasshoppers
1%
2010/2011 Phase de poule Levski
1%
2009/2010 Qualification Sevojno
1%
2016/2017 Qualification Gabala
0%
2006/2007 Qualification Rabotnicki
0%
Aucun quiz correspondant
Distribution des résultats
% des personnes avec chaque résultat
Percentile par nombre de réponses
Votre historique - résultats
Vous n’avez pas pris ce quiz